• 首页
  • 本馆介绍
  • 公告通知
  • 最新文献
  • 馆藏检索
  • 电子资源
  • 读者导购
  • 参考咨询
  • 我的图书馆
  • 登录
  • 详细信息显示
  • 放入我的书架
  • 预约/预借图书
  • 作者相关作品
  • 分类相关作品
  • 丛书相关作品
  • 出版社相关作品

书目信息

  • 表格格式
  • 工作单格式
  • 卡片格式
题名:
华为管理者22法则
    
 
作者: 王杰 , 亓萌 著
分册:  
出版信息: 北京   电子工业出版社  2017
页数: 281页
开本: 24cm
丛书名: 华为精准管理丛书
单 册:
中图分类: F632.765.3SZ
科图分类:
主题词: 通信--邮电企业--企业管理--经验--深圳
电子资源:
ISBN: 978-7-121-30217-6
000 01134oam2 2200277 450
001 012001003097
005 20140926114739.0
010    @a978-7-121-30217-6@dCNY49.80
100    @a20170215d2017 em y0chiy50 ea
101 0  @achi
102    @aCN@b110000
105    @ay z 000yy
106    @ar
200 1  @a华为管理者22法则@9hua wei guan li zhe 22 fa ze@f王杰,亓萌著
210    @a北京@c电子工业出版社@d2017
215    @a281页@d24cm
225 2  @a华为精准管理丛书
330    @a本书对华为管理者的管理理念进行了系统梳理,将其细分为价值观共识、客户思维、艰苦奋斗、一线实战、成就导向、责任担当、务实专注、业绩说话、牺牲精神、至诚守信、自我批判、自律意识、战略思维、团队协作、理解他人、灰度与妥协、轮岗转训、开放进取、主动学习、导师传教、带兵作战以及文化传承22个维度,囊括了任正非及其他各级华为管理者对企业经营方方面面问题的精彩思考与探索。
461  0 @12001 @a华为精准管理丛书
606 0  @a通信@x邮电企业@x企业管理@x经验@y深圳
610 0  @a华为公司
690    @aF632.765.3SZ@v5
701  0 @a王杰@9wang jie@4著
701  0 @a亓萌@9qi meng@4著
801  0 @aCN@b上海新华@c20180901
905    @b1153948-52@dF632.765.3SZ@e12@f5
    
    华为管理者22法则/王杰,亓萌著.-北京:电子工业出版社,2017
    281页;24cm.-(华为精准管理丛书)
    
    
    ISBN 978-7-121-30217-6:CNY49.80
    本书对华为管理者的管理理念进行了系统梳理,将其细分为价值观共识、客户思维、艰苦奋斗、一线实战、成就导向、责任担当、务实专注、业绩说话、牺牲精神、至诚守信、自我批判、自律意识、战略思维、团队协作、理解他人、灰度与妥协、轮岗转训、开放进取、主动学习、导师传教、带兵作战以及文化传承22个维度,囊括了任正非及其他各级华为管理者对企业经营方方面面问题的精彩思考与探索。
●
相关链接 在E读中查询图书 在五车中查询图书 在当当中查询图书 在豆瓣中查询图书


正题名:华为管理者22法则     索取号:F632.765.3SZ/12         预约/预借

序号 登录号 条形码 馆藏地/架位号 状态 备注
1 1153948   211539487   第一样本阅览室/ [索取号:F632.765.3SZ/12] 在馆    
2 1153949   211539496   第一借阅区/ [索取号:F632.765.3SZ/12] 在馆    
3 1153950   211539502   第一借阅区/ [索取号:F632.765.3SZ/12] 在馆    
4 1153951   211539511   第一借阅区/ [索取号:F632.765.3SZ/12] 在馆    
5 1153952   211539520   密集书库-海洋学院/ [索取号:F632.765.3SZ/12] 在馆    
唐山师范学院图书馆 欢迎您!
大连网信软件有限公司© 版权所有